000 00326nam a22001337a 4500
020 _qHB.
040 _cFIZZA ISHAQ
082 _a690
_bWIL
100 _aSPENCE, P. WILLIAM.
_990490
245 _aCONSTRUCTION MATERIALS /
_cWILLIAM P. SPENCE.
260 _bCENGAGE LEARNING,
_c2011.
300 _a934 P. ;
942 _2ddc
_cBK
999 _c588686
_d588686